Guess The Aircraft For The Route - Statistics

General Stats
  • This quiz has been taken 35 times
  • The average score is 75 of 98
Answer Stats
Hint Answer % Correct
FAI-SEA A320
100%
FAI-PDX A320
100%
FAI-SFO A320
100%
FAI-LAX A320
100%
FAI-SLT A320
100%
ANC-SEA A320
100%
ANC-PDX A320
100%
ANC-SLT A320
100%
JNU-SEA A320
100%
JNU-PDX A320
100%
JNU-SAN A320
100%
YVR-SFO A320
100%
YVR-LAX A320
100%
YVR-SAN A320
100%
YVR-IAH A320
100%
YVR-DFW A320
100%
YVR-DEN A320
100%
YVR-ORD A320
100%
YVR-BOS A320
100%
YVR-JFK A320
100%
YVR-EWR A320
100%
YVR-IAD A320
100%
YVR-ATL A320
100%
YYC-SFO A320
100%
YYC-LAX A320
100%
YYC-SAN A320
100%
YYC-IAH A320
100%
YYC-DFW A320
100%
YYC-DEN A320
100%
YYC-ORD A320
100%
YYC-JFK A320
100%
YYC-EWR A320
100%
YYC-PHL A320
100%
YYC-IAD A320
100%
YYC-ATL A320
100%
FAI-PHX A321
73%
FAI-PHL A321
73%
FAI-MIA A321
73%
ANC-SAN A321
73%
ANC-PHX A321
73%
ANC-DFW A321
73%
ANC-MIA A321
73%
JNU-PHX A321
73%
JNU-DFW A321
73%
JNU-PHL A321
73%
JNU-MIA A321
73%
YVR-PHX A321
73%
YVR-PHL A321
73%
YVR-MIA A321
73%
YYC-PHX A321
73%
YYC-MIA A321
73%
FAI-SAN B757
64%
FAI-DEN B757
64%
FAI-ORD B757
64%
FAI-EWR B757
64%
FAI-IAD B757
64%
ANC-SFO B757
64%
ANC-IAH B757
64%
ANC-DEN B757
64%
ANC-ORD B757
64%
ANC-EWR B757
64%
JNU-SFO B757
64%
JNU-IAH B757
64%
JNU-DEN B757
64%
JNU-ORD B757
64%
JNU-EWR B757
64%
FAI-IAH B767
64%
FAI-DFW B767
64%
FAI-MSP B767
64%
FAI-DTW B767
64%
FAI-BOS B767
64%
FAI-JFK B767
64%
FAI-ATL B767
64%
ANC-LAX B767
64%
ANC-MSP B767
64%
ANC-DTW B767
64%
ANC-BOS B767
64%
ANC-JFK B767
64%
ANC-ATL B767
64%
JNU-LAX B767
64%
JNU-BOS B767
64%
JNU-JFK B767
64%
JNU-IAD B767
64%
JNU-ATL B767
64%
JNU-SLT A220
55%
JNU-MSP A220
55%
JNU-DTW A220
55%
YVR-SLT A220
55%
YVR-MSP A220
55%
YVR-DTW A220
55%
YYC-SEA A220
55%
YYC-PDX A220
55%
YYC-SLT A220
55%
YYC-MSP A220
55%
YYC-DTW A220
55%
YYC-BOS A220
55%
YVR-SEA E190
36%
YVR-PDX E190
36%
No matching quizzes found
Score Distribution
Percent of People with Each Score
Percentile by Number Answered
Your Score History
You have not taken this quiz